000 00899naa a22002657a 4500
001 BR9404918
003 BR-BrBNA
005 20240918181244.0
007 ta
008 230509b bl.||||| |||| 00| 0 por d
040 _aBR-BrBNA
_bpor
_cBiblioteca Nacional de Agricultura
041 _a(Pt)
072 _aE50
090 _aE50 BR9404918
100 1 _aRocha, S.
100 1 _aTolosa, H.
245 1 _aMetropolizacao da pobreza: uma analise nucleo-periferia
260 3 _aRio de Janeiro, RJ (Brasil):
_c1994.
500 _aPerspectivas da economia brasileira - 1994 Rio de Janeiro, RJ (Brasil): 1994. v. 2 p. 527-539 (BR9404918-AM)E50
650 _aPobreza Rural
650 _aAnalise Economica
773 0 _tPerspectivas da economia brasileira - 1994
_wE50 BR9404918
_gRio de Janeiro, RJ (Brasil), 1994. v. 2 p. 527-539
909 _a202404
_bLucia
_c55
_dLucia Elande
942 _cAM
_2AGRIS
999 _c324386
_d324386